Zo šálky kávy sa stáva luxusný pôžitok
Aké súvislosti spájajú sucho, odlesňovanie, legislatívu, skladovanie a logistiku kávových zŕn. Kde najčastejšie kupujú spotrebitelia kávu a koľko kíl spotrebujú za rok. Čo všetko sa premieta do ceny kávy. Káva ako luxusný tovar.
Na minha lista:
| Formato: | Capítulo de Livro |
|---|---|
| Idioma: | eslovaco |
| Assuntos: | |
| Tags: |
Sem tags, seja o primeiro a adicionar uma tag!
|
MARC
| LEADER | 00000naa a2200000 4500 | ||
|---|---|---|---|
| 001 | 0313605 | ||
| 005 | 20251212131627.1 | ||
| 041 | 0 | |a slo | |
| 044 | |a SK | ||
| 245 | 1 | 0 | |a Zo šálky kávy sa stáva luxusný pôžitok |
| 520 | |a Aké súvislosti spájajú sucho, odlesňovanie, legislatívu, skladovanie a logistiku kávových zŕn. Kde najčastejšie kupujú spotrebitelia kávu a koľko kíl spotrebujú za rok. Čo všetko sa premieta do ceny kávy. Káva ako luxusný tovar. | ||
| 610 | 2 | 0 | |a káva |
| 610 | 2 | 0 | |a tovar luxusný |
| 610 | 2 | 0 | |a nápoje nealkoholické |
| 610 | 2 | 0 | |a dopyt spotrebiteľský |
| 610 | 2 | 0 | |a správanie spotrebiteľa |